000 01296nam a2200265 i 4500
001 181842
003 ES-MaACL
005 20250626211349.0
008 130418s1853 sp |||| | spa d
110 2 _aComisión del Mapa Geológico de España.
_93030
245 1 0 _aMemoria que comprende el resumen de los trabajos verificados en el año de 1852 por las diferentes secciones de la Comisión encargada de formar el mapa geológico de la provincia de Madrid y el general del reino
_b: presentada en 11 de junio de 1853... /
_cpor Don Francisco de Luján...
260 _aMadrid :
_bImp., Fund. y Lib. de Don Eusebio Aguado,
_c1853.
300 _a88 p., [5] h. pleg. de lám. ;
_c28 cm.
597 _aPort. con grab.
610 2 4 _aComisión del Mapa Geológico de España-
_vMemorias.
_9155974
650 4 _aGeología-
_zEspaña.
_9138819
650 4 _aFlora-
_zEspaña.
_9152605
650 4 _aFauna-
_zEspaña.
_9152606
700 1 _aLuján, Francisco de.
_9129140
852 _aES-MaACL
_jT-52-F-8
852 _aES-MaACL
_jT-1279-F-4
_z.- Donat. Bosch
852 _aES-MaACL
_jL-32449(3)
_z- Enc. cart.
_z. - Legado Federico de Botella y de Hornos
_z- Enc. en un vol. facticio, con tít. en el lomo de: España, geología: memorias varias, 2
942 _2udc
999 _c181842
_d181842